वेद विज्ञान (Record no. 114251)
[ view plain ]
| 000 -LEADER | |
|---|---|
| fixed length control field | 01067nam a2200265Ia 4500 |
| 003 - CONTROL NUMBER IDENTIFIER | |
| control field | OSt |
| 005 - DATE AND TIME OF LATEST TRANSACTION | |
| control field | 20220918110726.0 |
| 008 - FIXED-LENGTH DATA ELEMENTS--GENERAL INFORMATION | |
| fixed length control field | 220915b |||||||| |||| 00| 0 san d |
| 037 ## - SOURCE OF ACQUISITION | |
| Terms of availability | Reference Collections |
| 040 ## - CATALOGING SOURCE | |
| Original cataloging agency | ARTS |
| Transcribing agency | ARTS |
| Language of cataloging | san |
| 041 ## - LANGUAGE CODE | |
| Source of code | san |
| Language code of text/sound track or separate title | san |
| 100 ## - MAIN ENTRY--PERSONAL NAME | |
| Personal name | भार्गव, दयानन्द, ले. |
| 9 (RLIN) | 9191 |
| 245 #0 - TITLE STATEMENT | |
| Title | वेद विज्ञान |
| Remainder of title | विश्वकोश |
| 260 ## - PUBLICATION, DISTRIBUTION, ETC. | |
| Place of publication, distribution, etc. | जोधपुर |
| Name of publisher, distributor, etc. | पण्डित मधुसूदन ओझा शोध प्रकोष्ठ भारत |
| Date of publication, distribution, etc. | 2018 |
| 300 ## - PHYSICAL DESCRIPTION | |
| Extent | 501पृ0 |
| 490 ## - SERIES STATEMENT | |
| Series statement | पण्डित - मधुसूदन - ओझा - ग्रन्थमाला; 21 |
| 650 ## - SUBJECT ADDED ENTRY--TOPICAL TERM | |
| Topical term or geographic name entry element | वेद |
| 9 (RLIN) | 9192 |
| 942 ## - ADDED ENTRY ELEMENTS (KOHA) | |
| Classification part | Q1k, 152Q8(RR) |
| Koha item type | Reference |
| Withdrawn status | Lost status | Damaged status | Not for loan | Home library | Current library | Date acquired | Source of acquisition | Total Checkouts | Full call number | Barcode | Date last seen | Price effective from | Koha item type |
|---|---|---|---|---|---|---|---|---|---|---|---|---|---|
| Arts Library | Arts Library | 2022-09-18 | 327, 13/03/2019, Eastern Book Linkers | Q1k 152Q8(RR) | AL1663723 | 2022-09-18 | 2022-09-18 | Reference |
